Normal view
MARC view
Entry Personal Name
001 - CONTROL NUMBER
- control field: 3785
003 - CONTROL NUMBER IDENTIFIER
- control field: OSt
005 - DATE AND TIME OF LATEST TRANSACTION
- control field: 20211028141608.0
008 - FIXED-LENGTH DATA ELEMENTS
- fixed length control field: 211028|| aca||aabn | a|a d
040 ## - CATALOGING SOURCE
- Original cataloging agency: OSt
- Transcribing agency: OSt
100 ## - HEADING--PERSONAL NAME
- Personal name: Mathew, Manu M; Lobo, Lanwin.
- Miscellaneous information: 101716
670 ## - SOURCE DATA FOUND
- Source citation: Work cat.: (OSt): Mathew, Manu M; Lobo, Lanwin. 101716, Intranet system for Theekshna technologies Pvt. Ltd., 2013